Porovnanie metód na odhad mesačného Value-at-Risk menového portfólia

Identifikovanie prístupu na výpočet mesačného Value-at-Risk (VaR), ktorý je najvhodnejší na meranie kurzového rizika v podmienkach slovenských podnikov, aplikáciou Monte Carlo simulácie využitím historických kurzov. Porovnanie vhodnosti 28 prístupov na výpočet 25 dňového VaR menových portfólií. Na v...

Descrizione completa

Salvato in:
Dettagli Bibliografici
Autore principale: Rimarčík, Marián
Natura: Capitolo di libro
Lingua:slovacco
Soggetti:
Tags: Aggiungi Tag
Nessun Tag, puoi essere il primo ad aggiungerne!!

MARC

LEADER 00000naa$a2200000$$$4500
001 0049269
005 20221128094857.0
041 0 |a slo 
044 |a SK 
245 1 0 |a Porovnanie metód na odhad mesačného Value-at-Risk menového portfólia  |c Marián Rimarčík 
520 |a Identifikovanie prístupu na výpočet mesačného Value-at-Risk (VaR), ktorý je najvhodnejší na meranie kurzového rizika v podmienkach slovenských podnikov, aplikáciou Monte Carlo simulácie využitím historických kurzov. Porovnanie vhodnosti 28 prístupov na výpočet 25 dňového VaR menových portfólií. Na výpočet možno odporučiť Monte Carlo metódu. Simulácie taktiež ukázali, že porušenie predpokladov využitia škálovania jednodňových odhadov VaR na mesačné má na kvalitu odhadov významný negatívny dopad a nemožno ho odporúčať. 
610 2 0 |a metóda Value at Risk 
610 2 0 |a riziko kurzové 
610 2 0 |a meranie 
610 2 0 |a portfólio 
610 2 0 |a metóda Monte Carlo 
610 2 0 |a simulácia 
610 2 0 |a podnik 
610 2 0 |a Slovensko 
100 1 |a Rimarčík, Marián